Financial Structure in Small Business Theory, Tests, and Applications

Gespeichert in:
Bibliographische Detailangaben
1. Verfasser: Wijst, D. van der
Format: Buch
Sprache:Englisch
Veröffentlicht: Berlin Springer 1989
Ausgabe:1. ed.
Schriftenreihe:Lecture Notes in Economics and Mathematical Systems 320
Tags: Tag hinzufügen
Keine Tags, Fügen Sie das erste Tag hinzu!

MARC

LEADER 00000nam a2200000 4500
001 c029255
005 20221215113803.3
041 0 |a eng 
044 |a DE 
245 1 0 |a Financial Structure in Small Business  |b Theory, Tests, and Applications  |c D. van der Wijst 
250 |a 1. ed. 
264 1 |a Berlin  |b Springer  |c 1989 
300 |a 181 s. 
490 1 |a Lecture Notes in Economics and Mathematical Systems  |v 320 
830 0 |a Lecture Notes in Economics and Mathematical Systems  |v 320 
100 1 |a Wijst, D. van der